Normal view
MARC view
- Carlsson Gunnar
Entry Personal Name
001 - CONTROL NUMBER
- control field: 124565
003 - CONTROL NUMBER IDENTIFIER
- control field: NUST
005 - DATE AND TIME OF LATEST TRANSACTION
- control field: 20240718121012.0
008 - FIXED-LENGTH DATA ELEMENTS
- fixed length control field: 240718|| aca||aabn | a|a d
040 ## - CATALOGING SOURCE
- Original cataloging agency: NUST
- Transcribing agency: NUST
100 ## - HEADING--PERSONAL NAME
- Personal name: Carlsson Gunnar
670 ## - SOURCE DATA FOUND
- Source citation: Work cat.: (NUST): Carlsson Gunnar, Mathematics, 2002.
